| 000 | 01144nam a22002777a 4500 | ||
|---|---|---|---|
| 999 |
_c116599 _d116599 |
||
| 003 | dpl | ||
| 005 | 20190208131712.0 | ||
| 008 | 190208b ||||| |||| 00| 0 eng d | ||
| 010 | _aB-039274, B-039296 | ||
| 020 |
_c150.00 _a8121404681 |
||
| 035 | _aB-039274, B-039296 | ||
| 037 | _bCen Lib/Ret | ||
| 040 |
_aDPL _bHN _c0 |
||
| 082 |
_aक _bचन्द्राश |
||
| 100 |
_aचन्द्रा, शरद _967336 |
||
| 245 |
_aतो क्या ? / _cशरद चन्द्रा |
||
| 246 |
_aTo kya ? / _bby Sharad Chandra |
||
| 260 |
_aनयी दिल्ली _bनेशनल पब्लिशिंग हाउस _c2001 |
||
| 270 |
_a2/35 अंसारी रोड, दरियागंज _bनयी दिल्ली _e110002 |
||
| 300 |
_a143पृ. _c21सेमी(सजिल्द ) |
||
| 650 |
_aहिंदी साहित्य _x _z _967337 |
||
| 650 |
_aहिंदी साहित्य--कहानियां _942761 |
||
| 650 |
_aHindi literature _v _967338 |
||
| 650 |
_aHindi literature--Stories _967339 |
||
| 942 |
_2ddc _cHN _hक _mचन्द्राश |
||